[Event "Sterlitamak Rochinskiy op"]
[Site "Sterlitamak"]
[Date "2012.06.26"]
[Round "5"]
[White "Zijatdinov, Ramil"]
[Black "Nekrasov, Evgeny G"]
[Result "1/2-1/2"]
[WhiteElo "1859"]
[BlackElo "2023"]
[PlyCount "48"]
[EventDate "2012.06.22"]
[EventType "swiss"]
[EventRounds "9"]
[EventCountry "RUS"]
[SourceTitle "EXT 2013"]
[Source "ChessBase"]
[SourceDate "2012.11.22"]
[SourceVersion "1"]
[SourceVersionDate "2012.11.22"]
[SourceQuality "1"]

1. d4 e6 2. c4 f5 3. Nf3 Nf6 4. g3 Bb4+ 5. Bd2 a5 6. a3 Be7 7. Bg2 d6 8. 0-0 0-0 9. Nc3 c6 10. Qc2 Qe8 11. b4 Qh5 12. e4 d5 13. cxd5 axb4 14. axb4 Rxa1 15. Rxa1 fxe4 16. Nxe4 Nxd5 17. Ra8 Nd7 18. Nc5 N7b6 19. Ra3 Nc7 20. Re3 Bf6 21. Re1 Nbd5 22. Nd3 Qf5 23. Nfe5 h5 24. Be4 Qh3 1/2-1/2

[Event "PriFR-ch Seniors"]
[Site "Izhevsk"]
[Date "2010.03.13"]
[Round "1"]
[White "Nekrasov, Evgeny G"]
[Black "Chudinovskih, Alexander N"]
[Result "1/2-1/2"]
[WhiteElo "2091"]
[BlackElo "2300"]
[PlyCount "145"]
[EventDate "2010.03.13"]
[EventType "swiss"]
[EventRounds "9"]
[EventCountry "RUS"]
[SourceTitle "EXT 2012"]
[Source "ChessBase"]
[SourceDate "2011.11.24"]
[SourceVersion "1"]
[SourceVersionDate "2011.11.24"]
[SourceQuality "1"]

1. Nf3 c5 2. g3 Nc6 3. Bg2 Nf6 4. c4 g6 5. 0-0 Bg7 6. Nc3 0-0 7. e4 d6 8. h3 Rb8 9. Re1 a6 10. a4 Na5 11. d3 Nd7 12. Bd2 Nc6 13. Rb1 Nde5 14. Nxe5 Nxe5 15. Be3 Nc6 16. Qd2 Nd4 17. Bxd4 Bxd4 18. Kh2 Bd7 19. Ra1 e6 20. f4 Bc6 21. Ra2 Qd7 22. b3 Qd8 23. Ne2 Bg7 24. d4 cxd4 25. Nxd4 Qb6 26. Nxc6 bxc6 27. Re3 Bd4 28. Rd3 c5 29. Qe2 Qc7 30. Qf3 Qe7 31. Re2 Qf6 32. g4 g5 33. fxg5 Qxg5 34. Kh1 Kg7 35. Qg3 Be5 36. Qe3 Qxe3 37. Rexe3 Bd4 38. Rf3 Rh8 39. Rf1 h5 40. gxh5 Rxh5 41. Rg3+ Kf8 42. Rgf3 Rh7 43. Rg3 Be5 44. Rd3 Ke7 45. Re1 Rg8 46. Re2 Rhg7 47. Rf3 Bd4 48. Kh2 Be5+ 49. Kh1 Rg3 50. Ref2 R8g7 51. Rxg3 Rxg3 52. Rf3 Rg7 53. Kg1 Kd7 54. Kf1 Kc7 55. h4 Kd7 56. h5 Ke7 57. Rh3 Bf4 58. Bf3 Kf6 59. Ke2 Ke5 60. Kd3 Bh6 61. Rh1 Rg3 62. Ke2 a5 63. Rd1 Rh3 64. Rd3 Rh2+ 65. Kf1 Kf4 66. Bg2 Rxh5 67. Rf3+ Ke5 68. Rxf7 Bd2 69. Ke2 Rh2 70. Rf2 Bg5 71. Kd3 Bh4 72. Re2 Bg3 73. Bf3 1/2-1/2

[Event "PriFR-ch Seniors 6th"]
[Site "Samara"]
[Date "2008.03.14"]
[Round "4"]
[White "Gumerov, Renant"]
[Black "Nekrasov, Evgeny G"]
[Result "1-0"]
[WhiteElo "2212"]
[BlackElo "2242"]
[PlyCount "73"]
[EventDate "2008.03.11"]
[EventType "swiss"]
[EventRounds "9"]
[EventCountry "RUS"]
[SourceTitle "EXT 2022"]
[Source "ChessBase"]
[SourceDate "2021.10.06"]
[SourceVersion "1"]
[SourceVersionDate "2021.10.06"]
[SourceQuality "1"]

1. d4 d5 2. c4 e6 3. Nc3 Nf6 4. cxd5 exd5 5. Bg5 Be7 6. e3 c6 7. Qc2 Nbd7 8. Bd3 0-0 9. Nf3 Re8 10. 0-0-0 Nf8 11. Rdg1 Be6 12. g4 Rc8 13. Bxf6 Bxf6 14. g5 Be7 15. h4 Bb4 16. h5 c5 17. g6 cxd4 18. gxh7+ Kh8 19. exd4 Qd6 20. Ne5 f6 21. Ng6+ Nxg6 22. Rxg6 Bxc3 23. bxc3 Qa3+ 24. Kd2 Qd6 25. Rh4 Qe7 26. Rg3 f5 27. Rh1 Bd7 28. Rhg1 Qd6 29. Rxg7 Qh6+ 30. Kd1 Qxh5+ 31. Be2 Qh2 32. Qd2 Ba4+ 33. Kc1 Qd6 34. Kb2 Qc6 35. Bd3 Bb5 36. Bxf5 Re2 37. Rg8+ 1-0

[Event "PriFR-ch Seniors 6th"]
[Site "Samara"]
[Date "2008.03.11"]
[Round "1"]
[White "Nekrasov, Evgeny G"]
[Black "Tereshin, Igor"]
[Result "1/2-1/2"]
[WhiteElo "2242"]
[BlackElo "2113"]
[PlyCount "94"]
[EventDate "2008.03.11"]
[EventType "swiss"]
[EventRounds "9"]
[EventCountry "RUS"]
[SourceTitle "EXT 2022"]
[Source "ChessBase"]
[SourceDate "2021.10.06"]
[SourceVersion "1"]
[SourceVersionDate "2021.10.06"]
[SourceQuality "1"]

1. Nf3 d5 2. g3 c5 3. Bg2 Nc6 4. 0-0 e5 5. d3 Nf6 6. Nbd2 Be7 7. Re1 0-0 8. e4 dxe4 9. dxe4 Bg4 10. c3 Qc7 11. Qc2 Rad8 12. Nf1 g6 13. Bh6 Rfe8 14. Ne3 Bc8 15. h3 Rd7 16. Bg5 Kg7 17. Rad1 Rxd1 18. Rxd1 h6 19. Bxf6+ Bxf6 20. Nd5 Qa5 21. a3 Be6 22. Nd2 b5 23. Nb3 Qa4 24. Rd2 c4 25. Nc5 Qxc2 26. Rxc2 Bxd5 27. exd5 Nd8 28. Re2 Kf8 29. Nd7+ Ke7 30. Nxe5 Bxe5 31. Rxe5+ Kd7 32. f4 f6 33. Rxe8 Kxe8 34. Kf2 Kd7 35. Ke3 Kd6 36. g4 Nb7 37. Be4 g5 38. fxg5 hxg5 39. Kd4 Nc5 40. Bc2 a6 41. a4 Nd7 42. b3 cxb3 43. Bxb3 Nc5 44. Bc2 bxa4 45. Kc4 a5 46. Bb1 a3 47. Ba2 Ne4 1/2-1/2

[Event "Ufa op"]
[Site "Ufa"]
[Date "2006.??.??"]
[Round "6"]
[White "Idrisova, Roza"]
[Black "Nekrasov, Evgeny G"]
[Result "1-0"]
[WhiteElo "2080"]
[BlackElo "2295"]
[PlyCount "119"]
[EventDate "2006.??.??"]
[EventType "swiss"]
[EventRounds "11"]
[EventCountry "RUS"]
[SourceTitle "EXT 2008"]
[Source "ChessBase"]
[SourceDate "2007.11.25"]
[SourceVersion "1"]
[SourceVersionDate "2007.11.25"]
[SourceQuality "1"]

1. d4 e6 2. Nf3 f5 3. d5 d6 4. dxe6 Bxe6 5. Bg5 Be7 6. Qd2 Nf6 7. Nc3 Nbd7 8. Nd4 Nf8 9. e3 Bd7 10. Bd3 g6 11. h4 Ne6 12. Nxe6 Bxe6 13. Be2 c6 14. Qd4 Rf8 15. 0-0-0 d5 16. h5 Nxh5 17. Bxe7 Qxe7 18. Bxh5 gxh5 19. Rxh5 b6 20. Qe5 Rf7 21. Qh8+ Qf8 22. Rxh7 Qxh8 23. Rxh8+ Rf8 24. Rxf8+ Kxf8 25. Rh1 Kg7 26. Ne2 Re8 27. Kd2 c5 28. Rh4 a5 29. a3 b5 30. b4 d4 31. exd4 cxb4 32. axb4 Bc4 33. Nc3 a4 34. Rf4 Kg6 35. g4 fxg4 36. Rxg4+ Kf5 37. Rh4 Kg5 38. Re4 Rf8 39. Ke3 Rh8 40. Re5+ Kg4 41. f3+ Kg3 42. Nxb5 Rh1 43. Rg5+ Kh4 44. Rg4+ Kh5 45. Nd6 Bd5 46. Kf4 Be6 47. Rg5+ Kh6 48. Nf5+ Bxf5 49. Rxf5 Ra1 50. Ra5 Kg7 51. Ke5 a3 52. b5 Kf7 53. Ra7+ Ke8 54. Kd6 a2 55. Ra8+ Kf7 56. d5 Kf6 57. Ra7 Kf5 58. b6 Rb1 59. Rxa2 Rxb6+ 60. Kc7 1-0

[Event "Ufa op"]
[Site "Ufa"]
[Date "2006.??.??"]
[Round "3"]
[White "Nekrasov, Evgeny G"]
[Black "Ezhov, Alexander"]
[Result "1/2-1/2"]
[WhiteElo "2295"]
[BlackElo "2255"]
[PlyCount "50"]
[EventDate "2006.??.??"]
[EventType "swiss"]
[EventRounds "11"]
[EventCountry "RUS"]
[SourceTitle "EXT 2008"]
[Source "ChessBase"]
[SourceDate "2007.11.25"]
[SourceVersion "1"]
[SourceVersionDate "2007.11.25"]
[SourceQuality "1"]

1. Nf3 d5 2. g3 Nf6 3. Bg2 g6 4. c4 c6 5. b3 Bg7 6. Bb2 0-0 7. 0-0 Qb6 8. d3 dxc4 9. dxc4 Rd8 10. Qe1 Nbd7 11. Nc3 Nc5 12. Rd1 Bg4 13. h3 Be6 14. Ba1 h6 15. Nd4 Bd7 16. e4 e5 17. Nc2 Ne6 18. Na4 Qc7 19. c5 b5 20. cxb6 axb6 21. a3 c5 22. Nc3 Nd4 23. Ne3 Rxa3 24. b4 Bc6 25. bxc5 bxc5 1/2-1/2